UBT Library

Introduction to Web 2.0 / (Record no. 44795)

000 -LEADER
fixed length control field 00676cam a22002418a 4500
001 - CONTROL NUMBER
control field 15617796
005 - DATE AND TIME OF LATEST TRANSACTION
control field 20180312103516.0
008 - FIXED-LENGTH DATA ELEMENTS--GENERAL INFORMATION
fixed length control field 090209s2009 nju 000 0 eng
010 ## - LIBRARY OF CONGRESS CONTROL NUMBER
LC control number 2009004344
020 ## - INTERNATIONAL STANDARD BOOK NUMBER
International Standard Book Number 9780135074039
020 ## - INTERNATIONAL STANDARD BOOK NUMBER
International Standard Book Number 0135074037
040 ## - CATALOGING SOURCE
Original cataloging agency DLC
Transcribing agency DLC
041 ## - LANGUAGE CODE
Language code of text/sound track or separate title eng
080 ## - UNIVERSAL DECIMAL CLASSIFICATION NUMBER
Universal Decimal Classification number 006.7 EVA
082 00 - DEWEY DECIMAL CLASSIFICATION NUMBER
Classification number 006.7 EVA
Edition number 22
100 1# - Rafti
Rafti 28
101 ## - Shkurtesa
Shkurtesa SHK
245 10 - TITLE STATEMENT
Title Introduction to Web 2.0 /
Statement of responsibility, etc Alan D. Evans, Diane M. Coyle.
263 ## - PROJECTED PUBLICATION DATE
Projected publication date 1111
906 ## - LOCAL DATA ELEMENT F, LDF (RLIN)
a 0
b vip
c orignew
d 1
e ecip
f 20
g y-gencatlg
942 ## - ADDED ENTRY ELEMENTS (KOHA)
Source of classification or shelving scheme
Item type Books
Holdings
Withdrawn status Lost status Source of classification or shelving scheme Damaged status Not for loan Collection code Permanent location Current location Shelving location Date acquired Total Checkouts Full call number Barcode Date last seen Price effective from Koha item type
          Koleksioni i përgjithshem UBT - Lipjan UBT - Lipjan Koleksioni i përgjithshem 03/12/2018   006.7 EVA 002-3001760 03/12/2018 03/12/2018 Books
          Koleksioni i përgjithshem UBT - Lipjan UBT - Lipjan Koleksioni i përgjithshem 03/12/2018   006.7 EVA 002-3001765 03/12/2018 03/12/2018 Books
UBT Library © 2015-2024. All rights reserved University Education for Business and Technology